[Event "Aktiv-Alliancen 2000"]
[Site "Taastrup"]
[Date "2000.01.29"]
[Round "6"]
[White "Jensen, Dan Bronnum"]
[Black "Christiansen, Erling Molbaek"]
[Result "0-1"]
[WhiteElo "1487"]
[BlackElo "1805"]
[PlyCount "140"]
[EventDate "2000.??.??"]


1. c4 e5 2. Nc3 g6 3. Nf3 Bg7 4. d3 d6 5. g3 f5 6. Bg2 c6 7. Bg5 Qc7 8. Qc1 Be6
9. O-O Nd7 10. Ne1 h6 11. Bd2 g5 12. Rb1 f4 13. b4 Ngf6 14. Ne4 Nxe4 15. Bxe4
Nf6 16. Bg2 Qd7 17. b5 c5 18. e3 Bh3 19. exf4 gxf4 20. gxf4 Bxg2 21. Nxg2 Qh3
22. f3 Nh5 23. Qe1 Bf6 24. fxe5 dxe5 25. Rb2 O-O-O 26. Qe4 Rhg8 27. Be3 Bg5 28.
Re1 Bxe3+ 29. Qxe3 b6 30. Qxe5 Rg5 31. Qe6+ Qxe6 32. Rxe6 Nf4 33. Rc6+ Kb7 34.
h4 Rg3 35. Kh2 Rh3+ 36. Kg1 Rg8 37. Rf6 Rxh4 38. Rf7+ Kb8 39. Rf5 Nxd3 40. Re2
Rxc4 41. Rf7 Nf4 42. Rd2 Nh3+ 43. Kh2 Ng5 44. Rf6 Rc3 45. Nh4 h5 46. Rg2 Ra3
47. Rf5 Nxf3+ 48. Rxf3 Rxg2+ 49. Kxg2 Rxa2+ 50. Kg3 Rb2 51. Rf8+ Kc7 52. Rf7+
Kd6 53. Rxa7 Rxb5 54. Rh7 c4 55. Kf3 Re5 56. Rh6+ Kc5 57. Ng6 Rg5 58. Nf4 Re5
59. Ne2 b5 60. Nc3 b4 61. Ne4+ Kb5 62. Ke3 c3 63. Kd4 c2 64. Nd6+ Ka4 65. Nc4
c1=Q 66. Ra6+ Kb3 67. Na5+ Kb2 68. Nc4+ Kb1 69. Na3+ Qxa3 70. Rxa3 bxa3 0-1

[Event "Aktiv-Alliancen 2000"]
[Site "Taastrup"]
[Date "2000.01.29"]
[Round "6"]
[White "Madhy, Nezar"]
[Black "Traerup, Jorgen"]
[Result "1-0"]
[WhiteElo "1666"]
[BlackElo "1189"]
[PlyCount "67"]
[EventDate "2000.??.??"]


1. d4 Nf6 2. c4 e6 3. g3 Bb4+ 4. Bd2 Bxd2+ 5. Nxd2 d5 6. Bg2 O-O 7. Ngf3 c6 8.
O-O Qb6 9. Qc2 h6 10. e3 c5 11. cxd5 cxd4 12. Nc4 Qa6 13. Nxd4 Nxd5 14. a3 Bd7
15. Ne5 Rc8 16. Qe4 Bc6 17. Nxf7 Bd7 18. Qg6 Kf8 19. Ne5 Ke7 20. Qxg7+ Kd6 21.
Nf7+ Kc7 22. Qe5+ Kb6 23. Qd6+ Ka5 24. Qe5 Nc6 25. Nxc6+ bxc6 26. e4 Qb5 27.
Nd6 Qb3 28. exd5 cxd5 29. Nxc8 Rxc8 30. Qd6 Qb7 31. Rfc1 Rc6 32. Rxc6 Qxc6 33.
Qb4+ Ka6 34. Bf1+ 1-0

[Event "Aktiv-Alliancen 2000"]
[Site "Taastrup"]
[Date "2000.01.29"]
[Round "6"]
[White "Korolev, Nikolaj"]
[Black "Lauritsen, Martin Lee"]
[Result "1-0"]
[WhiteElo "1600"]
[BlackElo "1100"]
[PlyCount "27"]
[EventDate "2000.??.??"]


1. e4 e6 2. d4 c5 3. Nf3 Nf6 4. Nc3 d5 5. Bg5 h6 6. Bxf6 Qxf6 7. exd5 cxd4 8.
Qxd4 Qxd4 9. Nxd4 Bc5 10. Nb3 Bb4 11. dxe6 Bxe6 12. Bb5+ Nd7 13. O-O Bxb3 14.
Ne4 1-0

[Event "Aktiv-Alliancen 2000"]
[Site "Taastrup"]
[Date "2000.01.29"]
[Round "6"]
[White "Theander, Stig"]
[Black "Engel, Christian"]
[Result "1-0"]
[WhiteElo "1546"]
[BlackElo "1445"]
[PlyCount "45"]
[EventDate "2000.??.??"]


1. e4 e5 2. f4 exf4 3. Nf3 g5 4. Bc4 g4 5. d4 gxf3 6. Qxf3 Qf6 7. e5 Qf5 8. O-O
Bh6 9. Bd3 Qe6 10. Bxf4 Bxf4 11. Qxf4 Ne7 12. Nc3 Ng6 13. Qe4 c6 14. Rf6 Qe7
15. Qf5 O-O 16. Qg5 Qb4 17. Ne2 d5 18. c3 Qb6 19. Raf1 Qd8 20. Nf4 Nd7 21. Nxg6
Nxf6 22. Ne7+ Kh8 23. Qxf6# 1-0

[Event "Aktiv-Alliancen 2000"]
[Site "Taastrup"]
[Date "2000.01.29"]
[Round "6"]
[White "Jorgensen, Morten"]
[Black "Christensen, Aage"]
[Result "0-1"]
[WhiteElo "1117"]
[BlackElo "1506"]
[PlyCount "28"]
[EventDate "2000.??.??"]


1. e4 e5 2. Nf3 Nc6 3. Bb5 a6 4. Ba4 Nf6 5. O-O Nxe4 6. Re1 d5 7. d3 b5 8. dxe4
bxa4 9. Qxd5 Qxd5 10. exd5 Nb4 11. Nd4 Bd6 12. f4 O-O 13. fxe5 Bc5 14. c3 Nc2
0-1

[Event "Aktiv-Alliancen 2000"]
[Site "Taastrup"]
[Date "2000.01.29"]
[Round "6"]
[White "Christoffersen, Eskild"]
[Black "Pedersen, Andre"]
[Result "1-0"]
[WhiteElo "1508"]
[BlackElo "1150"]
[PlyCount "59"]
[EventDate "2000.??.??"]


1. e4 e5 2. Nf3 d6 3. d4 exd4 4. Nxd4 Nf6 5. Nc3 Be7 6. Be2 Nc6 7. Nxc6 bxc6 8.
O-O O-O 9. Be3 Be6 10. Bf3 Qd7 11. Qe2 Qc8 12. Rfd1 Nd7 13. g3 f5 14. exf5 Bxf5
15. Bxc6 Ne5 16. Bxa8 Qxa8 17. Nd5 Bg4 18. Nxe7+ Kh8 19. Qb5 Bxd1 20. Rxd1 Nf3+
21. Kh1 Nd4+ 22. Qd5 Qxd5+ 23. Nxd5 Nxc2 24. Kg2 Nxe3+ 25. Nxe3 Rd8 26. f4 c6
27. Nc4 d5 28. Ne5 Kg8 29. Nxc6 Rd7 30. Rxd5 1-0

[Event "Aktiv-Alliancen 2000"]
[Site "Taastrup"]
[Date "2000.01.29"]
[Round "6"]
[White "Dencker, Martin"]
[Black "Hau, Helge"]
[Result "1-0"]
[WhiteElo "1355"]
[BlackElo "1463"]
[PlyCount "51"]
[EventDate "2000.??.??"]


1. e4 g6 2. Nf3 Bg7 3. d4 c6 4. c3 Nf6 5. e5 Nd5 6. Bc4 h6 7. Qb3 e6 8. Bxd5
cxd5 9. Nbd2 O-O 10. h4 b6 11. Nf1 Ba6 12. g4 Bd3 13. Ng3 Nc6 14. Qd1 Ba6 15.
Be3 f6 16. g5 fxg5 17. hxg5 h5 18. Nd2 Ne7 19. Nxh5 Nf5 20. Nf6+ Bxf6 21. gxf6
Nxe3 22. fxe3 Kf7 23. Rh7+ Kg8 24. Rg7+ Kh8 25. Qf3 Rxf6 26. exf6 1-0

[Event "Aktiv-Alliancen 2000"]
[Site "Taastrup"]
[Date "2000.01.29"]
[Round "6"]
[White "Radovic, Slobodan"]
[Black "Madsen, Ole Bang"]
[Result "0-1"]
[WhiteElo "1483"]
[BlackElo "1404"]
[PlyCount "81"]
[EventDate "2000.??.??"]


1. e4 e5 2. Nf3 Nc6 3. Bb5 Nf6 4. O-O d6 5. Re1 Be7 6. d4 Bd7 7. d5 Nb8 8. a4
O-O 9. h3 c6 10. dxc6 bxc6 11. Bd3 h6 12. Nbd2 Be6 13. c4 Nbd7 14. b3 Rb8 15.
Rb1 Nh5 16. Nf1 Nc5 17. Bc2 Nf6 18. Ng3 Nh7 19. Be3 Qa5 20. Nf5 Bxf5 21. exf5
Rfd8 22. Qc1 Qc7 23. Bxc5 dxc5 24. Nxe5 Bg5 25. Qb2 Rd2 26. Nf3 Bf6 27. Qc1 Rd7
28. Qe3 Qa5 29. Red1 Re7 30. Qd2 Bc3 31. Qd6 Rbe8 32. Qxc6 Ng5 33. Nxg5 hxg5
34. Rd5 Re1+ 35. Rxe1 Rxe1+ 36. Kh2 f6 37. Qc8+ Kh7 38. Rxc5 Be5+ 39. g3 Qd2
40. Kg2 Qxc2 41. Qe8 0-1

[Event "Aktiv-Alliancen 2000"]
[Site "Taastrup"]
[Date "2000.01.29"]
[Round "6"]
[White "Jensen, Alexander Lindberg"]
[Black "Adamsen, Kim Rud"]
[Result "0-1"]
[WhiteElo "1257"]
[BlackElo "1386"]
[PlyCount "146"]
[EventDate "2000.??.??"]


1. e4 c6 2. Nc3 d5 3. d3 e5 4. Nf3 Bg4 5. h3 Bxf3 6. Qxf3 d4 7. Ne2 Nf6 8. c3
c5 9. Ng3 g6 10. Bg5 Bg7 11. Be2 Nbd7 12. O-O Qb6 13. Rab1 Qe6 14. c4 a6 15.
Rfc1 b5 16. b3 O-O 17. Kh1 Rfb8 18. Rc2 Ra7 19. Rcb2 Rab7 20. Kg1 a5 21. Kh1
Qa6 22. Bf1 b4 23. Qd1 Qc6 24. Be2 Ra7 25. Qd2 a4 26. Bd1 axb3 27. Bxb3 Ne8 28.
Kg1 f6 29. Bh6 Bh8 30. Ra1 Nd6 31. Ne2 Nf7 32. Qc1 g5 33. Bxg5 fxg5 34. Ng3 Qg6
35. Nf5 Bf6 36. g4 h5 37. f3 Nh6 38. Qd1 hxg4 39. fxg4 Nxf5 40. exf5 Qh6 41.
Rh2 Qh4 42. Qf3 Kf8 43. Qg2 Ke7 44. Qf3 Rba8 45. Kg2 Ra3 46. Rhh1 Nb6 47. Qb7+
Nd7 48. Qd5 R8a6 49. Qf3 Kd8 50. Qd5 Kc7 51. Qf3 Qh8 52. Kh2 Qa8 53. Qe2 Kd6
54. Qf1 Qc6 55. Qe2 Ra8 56. Kg3 Re8 57. Rhe1 Kc7 58. Kh2 Be7 59. Kg3 Nf6 60.
Bc2 Bd6 61. Kf2 Rh8 62. Rh1 Rc3 63. Rae1 Ra8 64. Bb3 Ra3 65. h4 Nh7 66. hxg5
Nxg5 67. Rh5 Nf7 68. Rh7 Qe8 69. g5 Kb6 70. g6 Ng5 71. Rh5 Qe7 72. Rf1 e4 73.
Rg1 e3+ 0-1

[Event "Aktiv-Alliancen 2000"]
[Site "Taastrup"]
[Date "2000.02.11"]
[Round "7"]
[White "Bjorntoft, Peter"]
[Black "Nohr, Finn"]
[Result "1-0"]
[WhiteElo "2227"]
[BlackElo "2116"]
[PlyCount "37"]
[EventDate "2000.??.??"]


1. e4 e5 2. Nc3 Nc6 3. f4 exf4 4. Nf3 g5 5. h4 g4 6. Ng5 h6 7. Nxf7 Kxf7 8. d4
Bb4 9. Bc4+ d5 10. Bxd5+ Kg7 11. Bxf4 Bxc3+ 12. bxc3 Nf6 13. Bxc6 bxc6 14. O-O
Ba6 15. Be5 Bxf1 16. Qxg4+ Kh7 17. Qf5+ Kg7 18. Rxf1 Rf8 19. h5 1-0

[Event "Aktiv-Alliancen 2000"]
[Site "Taastrup"]
[Date "2000.02.11"]
[Round "7"]
[White "Danielsen, Heini"]
[Black "Christensen, Bo Garner"]
[Result "0-1"]
[WhiteElo "2135"]
[BlackElo "2204"]
[PlyCount "78"]
[EventDate "2000.??.??"]


1. e4 c5 2. Nf3 Nc6 3. d4 cxd4 4. Nxd4 Nf6 5. Nc3 e5 6. Ndb5 d6 7. Bg5 a6 8.
Na3 b5 9. Nd5 Be7 10. Bxf6 Bxf6 11. c3 Rb8 12. Nc2 a5 13. a3 Bg5 14. Be2 O-O
15. O-O g6 16. Qd3 f5 17. Bf3 Kh8 18. b4 Be6 19. Rfd1 a4 20. Nde3 f4 21. Qxd6
Qc8 22. Nd5 Rd8 23. Qc5 Bh6 24. Ne7 Rxd1+ 25. Rxd1 Nxe7 26. Qxe7 Bf8 27. Qf6+
Bg7 28. Qe7 Bb3 29. Rd7 Qf8 30. Ne1 Bc4 31. Bg4 h5 32. Be6 Qxe7 33. Rxe7 Bf8
34. Bxc4 Bxe7 35. Be2 Rc8 36. Bxb5 Rxc3 37. Nd3 Rxa3 38. Nxe5 Ra1+ 39. Bf1 Kg7
0-1

[Event "Aktiv-Alliancen 2000"]
[Site "Taastrup"]
[Date "2000.02.11"]
[Round "7"]
[White "Nielsen, Borge Hjerrild"]
[Black "Nolsoe, Eydun"]
[Result "0-1"]
[WhiteElo "2135"]
[BlackElo "2184"]
[PlyCount "106"]
[EventDate "2000.??.??"]


1. d4 d5 2. c4 dxc4 3. Nf3 Nf6 4. e3 e6 5. Bxc4 a6 6. O-O c5 7. dxc5 Qxd1 8.
Rxd1 Bxc5 9. Nc3 b5 10. Bd3 Bb7 11. Ng5 Nbd7 12. Nge4 Be7 13. a3 Rc8 14. Bd2
O-O 15. Rac1 Ng4 16. Be1 Nge5 17. Be2 Nb6 18. Rb1 Rfd8 19. Rxd8+ Rxd8 20. Nd2
Nd3 21. Bxd3 Rxd3 22. Kf1 Rd8 23. f3 f5 24. Ke2 Bf6 25. Nb3 Nc4 26. Nc5 Bc8 27.
Nd3 Kf7 28. a4 Bd7 29. axb5 axb5 30. b3 Na3 31. Ra1 Nc2 32. Rc1 b4 33. Rxc2
bxc3 34. Nc1 Bb5+ 35. Kf2 Rc8 36. g3 g5 37. Kg2 g4 38. Na2 gxf3+ 39. Kxf3 Bd3
40. Rxc3 Bxc3 41. Nxc3 Rb8 42. g4 fxg4+ 43. Kxg4 Rxb3 44. Kf4 Rb2 45. Bg3 Rc2
46. Nd1 Rc4+ 47. Kf3 Be4+ 48. Ke2 Rc2+ 49. Ke1 Bf3 50. Nf2 Re2+ 51. Kf1 Rxe3
52. Nh3 Kg6 53. Kf2 Rb3 0-1

[Event "Aktiv-Alliancen 2000"]
[Site "Taastrup"]
[Date "2000.02.11"]
[Round "7"]
[White "Simonsen, Per Barndorff"]
[Black "Jensen, Soren G"]
[Result "1/2-1/2"]
[WhiteElo "1901"]
[BlackElo "2161"]
[PlyCount "62"]
[EventDate "2000.??.??"]


1. d4 Nf6 2. c4 e6 3. Nc3 Bb4 4. Bg5 c5 5. d5 Bxc3+ 6. bxc3 d6 7. f3 Qe7 8. e4
O-O 9. Ne2 Nbd7 10. Qd2 Ne5 11. Ng3 h6 12. Be3 b6 13. f4 Neg4 14. dxe6 Qxe6 15.
f5 Qe7 16. O-O-O Nxe3 17. Qxe3 Bb7 18. Bd3 Qe5 19. Bc2 a6 20. Rhe1 b5 21. Qd3
Rfd8 22. Bb3 Bc6 23. Re2 Ra7 24. Rde1 Re7 25. Kc2 h5 26. h4 bxc4 27. Bxc4 Bb5
28. Re3 Ng4 29. Rf3 Nh2 30. Rfe3 Ng4 31. Rf3 Nh2 1/2-1/2

[Event "Aktiv-Alliancen 2000"]
[Site "Taastrup"]
[Date "2000.02.11"]
[Round "7"]
[White "Petersen, Steen Brustrup"]
[Black "Tolstrup, Thomas"]
[Result "1-0"]
[WhiteElo "2174"]
[BlackElo "1882"]
[PlyCount "77"]
[EventDate "2000.??.??"]


1. e4 e6 2. d3 d5 3. Nd2 c5 4. Ngf3 Nc6 5. g3 Bd6 6. Bg2 Nge7 7. O-O Qc7 8. Re1
O-O 9. c3 Bd7 10. a3 a5 11. d4 f6 12. exd5 exd5 13. dxc5 Bxc5 14. Nb3 Bd6 15.
Nbd4 Ne5 16. Nh4 Rfe8 17. f4 Nf7 18. Be3 Rab8 19. Qd3 Bc5 20. Rad1 Rbd8 21. Rd2
Kh8 22. Nc2 Bxe3+ 23. Nxe3 Bc6 24. Nf3 Nd6 25. Nd4 Qb6 26. Rde2 Ne4 27. Nxd5
Nc5 28. Qxh7+ Kxh7 29. Nxb6 Ng6 30. Bxc6 Rxe2 31. Rxe2 bxc6 32. b4 axb4 33.
axb4 Na6 34. Nxc6 Rd1+ 35. Kg2 Rc1 36. c4 Rb1 37. b5 Nc5 38. f5 Ne5 39. Nxe5
1-0

[Event "Aktiv-Alliancen 2000"]
[Site "Taastrup"]
[Date "2000.02.11"]
[Round "7"]
[White "Thogersen, Kim"]
[Black "Pallesen, Jacob"]
[Result "0-1"]
[WhiteElo "1636"]
[BlackElo "2075"]
[PlyCount "94"]
[EventDate "2000.??.??"]


1. d4 d6 2. c4 f5 3. g3 Nf6 4. Nf3 g6 5. Nc3 Bg7 6. Bg2 O-O 7. h4 Na6 8. Bf4 c5
9. d5 Bd7 10. Qd2 Rb8 11. O-O b5 12. cxb5 Bxb5 13. Bh6 Qb6 14. Bxg7 Kxg7 15.
Ng5 Nc7 16. Qe3 Rfe8 17. Nxb5 Qxb5 18. b3 Qd7 19. Qc3 Kg8 20. Rfd1 Rb4 21. Rac1
Reb8 22. e3 a5 23. Rc2 a4 24. bxa4 Qxa4 25. Bf3 Nb5 26. Qd3 Na3 27. Rc3 Nc4 28.
Qc2 Qxc2 29. Rxc2 Ne5 30. Bg2 Rb2 31. Rdd2 Rb1+ 32. Kh2 R8b4 33. Ne6 Nc4 34.
Re2 Na3 35. Rc3 Nb5 36. Rcc2 Ng4+ 37. Kh3 Ne5 38. Nd8 Na3 39. Rc3 Nb5 40. Rcc2
Na3 41. Rc3 Nb5 42. Rcc2 Kf8 43. Ne6+ Ke8 44. Ng5 Nc4 45. Nf3 Nca3 46. Rcd2 c4
47. Re1 c3 0-1

[Event "Aktiv-Alliancen 2000"]
[Site "Taastrup"]
[Date "2000.02.11"]
[Round "7"]
[White "Kaaber Hansen, Jacob"]
[Black "Nielsen, Jan Mose"]
[Result "1-0"]
[WhiteElo "1703"]
[BlackElo "2040"]
[PlyCount "137"]
[EventDate "2000.??.??"]


1. d4 Nf6 2. c4 c5 3. d5 b5 4. cxb5 a6 5. bxa6 Bxa6 6. Nc3 d6 7. e4 Bxf1 8.
Kxf1 g6 9. g4 Bg7 10. Kg2 O-O 11. g5 Nh5 12. Nge2 e5 13. h4 Qd7 14. f3 Na6 15.
Qa4 Qe7 16. Qc4 Nb4 17. Nb5 f5 18. a3 fxe4 19. Qxe4 Na6 20. Bd2 Rab8 21. Nec3
Nf4+ 22. Kf2 Qd7 23. a4 Nb4 24. b3 Rf5 25. Ne2 Nfd3+ 26. Kg3 Rf4 27. Qe3 Rbf8
28. Raf1 h5 29. Kg2 Rg4+ 30. fxg4 Qxg4+ 31. Kh2 Rxf1 32. Rxf1 e4 33. Nf4 Nxf4
34. Rxf4 Be5 35. Qg3 Qe2+ 36. Qg2 Qd3 37. Qf2 Nxd5 38. Kg2 Nxf4+ 39. Bxf4 Qxb3
40. Bxe5 dxe5 41. Qxc5 Qf3+ 42. Kg1 Qg3+ 43. Kf1 Qh3+ 44. Ke2 Qd3+ 45. Ke1 e3
46. Qc3 Qe4 47. Ke2 Qxa4 48. Nd6 Qg4+ 49. Kxe3 Qf4+ 50. Kd3 Qf3+ 51. Kc2 Qf2+
52. Qd2 Qc5+ 53. Kb3 Kh7 54. Qb4 Qd5+ 55. Ka4 Qa2+ 56. Kb5 Qa8 57. Kc5 Qa7+ 58.
Kd5 Qa2+ 59. Kc6 Qc2+ 60. Kd7 Qf2 61. Ke6 Qa2+ 62. Qc4 Qa8 63. Qd5 Qa1 64. Ke7
Qa7+ 65. Kf8 Qb8+ 66. Ne8 Qb4+ 67. Qd6 Qf4+ 68. Nf6+ Kh8 69. Qe7 1-0

[Event "Aktiv-Alliancen 2000"]
[Site "Taastrup"]
[Date "2000.02.11"]
[Round "7"]
[White "Orio, Lars"]
[Black "Dalso, Harry"]
[Result "1/2-1/2"]
[WhiteElo "1784"]
[BlackElo "1718"]
[PlyCount "29"]
[EventDate "2000.??.??"]


1. e4 d6 2. d4 Nf6 3. Nc3 g6 4. f4 Bg7 5. Nf3 c6 6. Bd3 Bg4 7. O-O Bxf3 8. Qxf3
Qb6 9. a3 e5 10. Ne2 exd4 11. f5 Nbd7 12. fxg6 hxg6 13. Bg5 Ne5 14. Qf4 Nh5 15.
Qf2 1/2-1/2

[Event "Aktiv-Alliancen 2000"]
[Site "Taastrup"]
[Date "2000.02.11"]
[Round "7"]
[White "Nielsen, Michael"]
[Black "Foslund, Peter"]
[Result "0-1"]
[WhiteElo "1719"]
[BlackElo "1576"]
[PlyCount "156"]
[EventDate "2000.??.??"]


1. e4 e5 2. Nf3 d6 3. Bc4 Nf6 4. d3 h6 5. O-O Bg4 6. Be3 Nbd7 7. Nbd2 c6 8. d4
d5 9. exd5 cxd5 10. dxe5 Nxe5 11. Be2 Nxf3+ 12. Bxf3 Be6 13. Nb3 Qc7 14. Nd4 a6
15. Qe2 Be7 16. Nxe6 fxe6 17. Bd4 Kf7 18. Rfe1 Qc6 19. c4 Rhe8 20. cxd5 exd5
21. Qd3 Qc4 22. Qxc4 dxc4 23. Bxb7 Rad8 24. Bc3 a5 25. Bxa5 Rb8 26. Ba6 Rxb2
27. Bxc4+ Kf8 28. Bb3 Bc5 29. Rxe8+ Kxe8 30. Re1+ Kf8 31. Rf1 Ne4 32. Be1 g5
33. Bd5 Nd2 34. Bxd2 Rxd2 35. Bc4 Kg7 36. g4 Rd4 37. Be6 Kf6 38. Bf5 Rd2 39. a4
h5 40. h3 hxg4 41. hxg4 Bb6 42. Kg2 Ra2 43. Bd7 Rd2 44. Bb5 Rd4 45. f3 Rd2+ 46.
Kg3 Bc7+ 47. f4 gxf4+ 48. Rxf4+ Kg5 49. Kf3 Bxf4 50. Bc4 Rd4 51. Bb5 Bc1 52.
Bc6 Rxg4 53. a5 Rf4+ 54. Ke2 Rc4 55. Bb7 Kf4 56. Kd3 Ra4 57. a6 Be3 58. Kc3 Ba7
59. Kb3 Rd4 60. Kc3 Ke5 61. Kb3 Kd6 62. Kc3 Kc7 63. Kb3 Kb6 64. Kc3 Kc5 65. Kb3
Rd3+ 66. Kc2 Kc4 67. Bc8 Rd6 68. Bb7 Be3 69. Be4 Rd2+ 70. Kb1 Kb3 71. Bf3 Rb2+
72. Ka1 Ra2+ 73. Kb1 Rxa6 74. Bd5+ Kc3 75. Bf3 Rb6+ 76. Ka2 Bc1 77. Bd5 Rd6 78.
Bf7 Bb2 0-1

[Event "Aktiv-Alliancen 2000"]
[Site "Taastrup"]
[Date "2000.02.11"]
[Round "7"]
[White "Moller, Arne Vagn"]
[Black "Foslund, Kasper"]
[Result "1-0"]
[WhiteElo "1805"]
[BlackElo "1178"]
[PlyCount "107"]
[EventDate "2000.??.??"]


1. e4 c5 2. b3 Nc6 3. Bb2 e5 4. Nf3 d6 5. Be2 Nf6 6. d3 Be7 7. O-O O-O 8. c3
Qc7 9. Qc2 d5 10. Nbd2 d4 11. a3 a5 12. c4 h6 13. Rfe1 Nh7 14. Bc1 Qd6 15. Nf1
Kh8 16. Ng3 Rg8 17. Kh1 Be6 18. Bd2 Qd7 19. Rab1 b6 20. Qc1 g5 21. Rf1 Raf8 22.
Ne1 f5 23. Nc2 f4 24. Nh5 Qe8 25. b4 g4 26. Nxf4 exf4 27. Bxf4 Bg5 28. Bxg5
Nxg5 29. bxc5 bxc5 30. Rb6 Qd7 31. Qd2 Rb8 32. Rfb1 Rxb6 33. Rxb6 Qc7 34. Rb5
Qa7 35. Qf4 Qe7 36. Rb6 Rf8 37. Qg3 Nd8 38. Bxg4 Ngf7 39. Bxe6 Nxe6 40. f4 Qc7
41. Rxe6 Qd7 42. Rb6 Qc7 43. Rb5 Nd6 44. Rb1 a4 45. e5 Nc8 46. Qf3 Rg8 47. Rb7
Qa5 48. Qh5 Qa6 49. Qf7 Qg6 50. Qxg6 Rxg6 51. Rc7 Nb6 52. Rxc5 Kg8 53. Nxd4 h5
54. e6 1-0

[Event "Aktiv-Alliancen 2000"]
[Site "Taastrup"]
[Date "2000.02.11"]
[Round "7"]
[White "Jorgensen, Brian"]
[Black "Madhy, Nezar"]
[Result "1-0"]
[WhiteElo "2198"]
[BlackElo "1666"]
[PlyCount "43"]
[EventDate "2000.??.??"]


1. e4 c5 2. Nf3 d6 3. d4 cxd4 4. Nxd4 Nf6 5. Nc3 a6 6. Bg5 e6 7. f4 Be7 8. Qf3
e5 9. Nf5 Bxf5 10. exf5 Nc6 11. O-O-O Qa5 12. Bc4 Qc5 13. Bb3 Na5 14. Ba4+ Nc6
15. Bxf6 gxf6 16. fxe5 dxe5 17. Ne4 Qb6 18. Rd3 O-O 19. Qh5 Rfc8 20. Rg3+ Kf8
21. Qh6+ Ke8 22. Rd1 1-0

[Event "Aktiv-Alliancen 2000"]
[Site "Taastrup"]
[Date "2000.02.11"]
[Round "7"]
[White "Auchenberg, Per"]
[Black "Theander, Stig"]
[Result "1-0"]
[WhiteElo "2017"]
[BlackElo "1546"]
[PlyCount "39"]
[EventDate "2000.??.??"]


1. f4 Nf6 2. Nf3 b6 3. g3 d5 4. Bg2 Bf5 5. O-O c5 6. d3 Qc8 7. c4 e6 8. Nc3 Nc6
9. Ne5 Bd6 10. Nxc6 Qxc6 11. e4 dxe4 12. dxe4 Bg4 13. e5 Qxg2+ 14. Kxg2 Bxd1
15. Rxd1 Bxe5 16. fxe5 Ng4 17. Bf4 h5 18. h3 g5 19. Bxg5 Rg8 20. Bf4 1-0

[Event "Aktiv-Alliancen 2000"]
[Site "Taastrup"]
[Date "2000.02.11"]
[Round "7"]
[White "Christiansen, Erling Molbaek"]
[Black "Korolev, Nikolaj"]
[Result "1-0"]
[WhiteElo "1805"]
[BlackElo "1600"]
[PlyCount "97"]
[EventDate "2000.??.??"]


1. e4 c5 2. Nf3 d6 3. d4 cxd4 4. Nxd4 Nf6 5. Nc3 a6 6. a4 e6 7. Be3 Nbd7 8. Be2
Be7 9. O-O O-O 10. f4 Qc7 11. Bf3 Nb6 12. Be2 Rd8 13. Qd3 e5 14. a5 Nbd7 15.
Nf5 Nc5 16. Nxe7+ Qxe7 17. Bxc5 dxc5 18. Qg3 exf4 19. Rxf4 Qe5 20. Raf1 Be6 21.
Kh1 Rd2 22. Bd3 Nh5 23. Qe3 Rxd3 24. cxd3 Nxf4 25. Rxf4 Rd8 26. Rf3 c4 27. dxc4
Qxc3 28. bxc3 Rd1+ 29. Qg1 Rxg1+ 30. Kxg1 Bxc4 31. Kf2 Kf8 32. Ke3 Ke7 33. Kd4
Be6 34. g3 Kd6 35. c4 Kc6 36. Rb3 h6 37. Rb6+ Kc7 38. e5 Bd7 39. Rd6 Bc8 40. h4
Be6 41. c5 Bd7 42. Ke4 Be6 43. Kf4 h5 44. Kg5 Bg4 45. Rb6 g6 46. Kf6 Be6 47.
Rxe6 fxe6 48. Kxe6 Kd8 49. Kf7 1-0

[Event "Aktiv-Alliancen 2000"]
[Site "Taastrup"]
[Date "2000.02.11"]
[Round "7"]
[White "Schmidt, Horst Hubert"]
[Black "Andersen, Nick Brix"]
[Result "0-1"]
[WhiteElo "1718"]
[BlackElo "1450"]
[PlyCount "144"]
[EventDate "2000.??.??"]


1. d4 Nf6 2. Nf3 e6 3. c4 Bb4+ 4. Nc3 O-O 5. Bd2 Nc6 6. e3 Re8 7. Be2 b6 8. O-O
Bb7 9. a3 Be7 10. b4 d5 11. Rc1 a6 12. Qb3 Nb8 13. c5 b5 14. a4 c6 15. axb5
axb5 16. Nxb5 cxb5 17. Bc3 Bc6 18. Ne5 Qc7 19. f4 Nbd7 20. f5 Nxe5 21. dxe5 Nd7
22. f6 Bf8 23. Qb2 Ra7 24. Bd3 Rea8 25. Qf2 Nxe5 26. Bb1 Ng6 27. h4 Ne5 28. Qg3
Nc4 29. Qg5 h6 30. Qh5 Nxe3 31. Be5 Qd8 32. Rf3 Nf5 33. fxg7 Bxg7 34. Bxg7 Nxg7
35. Qxh6 f5 36. Rg3 Re7 37. h5 Be8 38. Qg5 Rf7 39. Qg6 Qf6 40. h6 Qxg6 41. Rxg6
Kh7 42. hxg7 Bd7 43. Rg3 Rxg7 44. Rh3+ Kg6 45. c6 Be8 46. Bd3 Rc7 47. Bxb5 Rb8
48. Rc5 Rb6 49. Rhc3 Kf6 50. Kf2 Ke7 51. Rh3 Kd6 52. Rh8 Bxc6 53. Bxc6 Rcxc6
54. Ra5 Rxb4 55. Ra7 Rc2+ 56. Kg1 Rg4 57. Ra6+ Ke5 58. Rh2 Rgc4 59. Rh6 Rc6 60.
Ra8 d4 61. Ra5+ R2c5 62. Ra3 Rd6 63. Rhh3 Rdc6 64. Rh5 Rc3 65. Ra5+ R6c5 66.
Ra4 d3 67. Rhh4 d2 68. Rad4 Rc1+ 69. Kh2 d1=Q 70. Rxd1 Rxd1 71. Rh5 Rcc1 72.
Rg5 Kf4 0-1

[Event "Aktiv-Alliancen 2000"]
[Site "Taastrup"]
[Date "2000.02.11"]
[Round "7"]
[White "Christensen, Aage"]
[Black "Pedersen, Bent O"]
[Result "0-1"]
[WhiteElo "1506"]
[BlackElo "1751"]
[PlyCount "82"]
[EventDate "2000.??.??"]


1. e4 c5 2. c3 d5 3. exd5 Qxd5 4. Nf3 Bg4 5. Be2 Nc6 6. O-O e6 7. h3 Bh5 8. Na3
Nf6 9. Nc2 Be7 10. d4 O-O 11. dxc5 Bxc5 12. Be3 Bxe3 13. Nxe3 Qc5 14. Qc2 Bg6
15. Bd3 Bxd3 16. Qxd3 Rad8 17. Qc2 Nd5 18. Nxd5 Rxd5 19. Rfd1 Rfd8 20. Rxd5
Qxd5 21. b3 h6 22. Re1 Kf8 23. Re2 Qd1+ 24. Qxd1 Rxd1+ 25. Kh2 Ke7 26. Kg3 Rd3
27. Rc2 e5 28. Kh2 Ke6 29. Nd2 f5 30. Kg1 e4 31. Kf1 Ne5 32. Ke2 Kd5 33. Nf1 f4
34. Ke1 g5 35. Rc1 h5 36. Rc2 g4 37. hxg4 hxg4 38. Rc1 Ke6 39. g3 Kf5 40. gxf4
Kxf4 41. c4 Rf3 0-1

[Event "Aktiv-Alliancen 2000"]
[Site "Taastrup"]
[Date "2000.02.11"]
[Round "7"]
[White "Holst, Thorsten"]
[Black "Hansen, Rasmus Agertoft"]
[Result "0-1"]
[WhiteElo "1411"]
[BlackElo "1936"]
[PlyCount "88"]
[EventDate "2000.??.??"]


1. e4 c5 2. Nf3 d6 3. Bb5+ Bd7 4. Bxd7+ Qxd7 5. O-O Nc6 6. c3 g6 7. d4 cxd4 8.
cxd4 Bg7 9. Nc3 Nf6 10. h3 d5 11. Ne5 Qd8 12. Qb3 O-O 13. Nxc6 bxc6 14. e5 Nd7
15. Re1 e6 16. Na4 Qa5 17. Re2 Rab8 18. Qc2 Qb5 19. b3 Rfc8 20. Ba3 Bf8 21.
Bxf8 Kxf8 22. Qd2 c5 23. dxc5 Nxc5 24. Nc3 Qd3 25. Qh6+ Ke8 26. Re3 Qf5 27.
Qxh7 Nd3 28. Rf3 Nf4 29. Nxd5 exd5 30. e6 fxe6 31. Qh8+ Ke7 32. Qg7+ Kd6 33.
Qxa7 Qg5 34. Qa6+ Rc6 35. Qa3+ Kc7 36. Qa5+ Kc8 37. g4 Qe5 38. Re1 Qd4 39. Qa3
Kd7 40. Kh2 Rc2 41. Kg3 g5 42. Rxe6 Nxe6 43. Rf7+ Kc6 44. Qe7 Qe5+ 0-1

[Event "Aktiv-Alliancen 2000"]
[Site "Taastrup"]
[Date "2000.02.11"]
[Round "7"]
[White "Nielsen, Dagh"]
[Black "Dencker, Martin"]
[Result "1-0"]
[WhiteElo "1744"]
[BlackElo "1355"]
[PlyCount "97"]
[EventDate "2000.??.??"]


1. e4 c5 2. Nf3 d6 3. d4 cxd4 4. Nxd4 Nf6 5. Nc3 Nc6 6. Bc4 a6 7. Bb3 e5 8.
Nde2 b5 9. a3 Be6 10. Bxe6 fxe6 11. Bg5 h6 12. Bxf6 Qxf6 13. Qd3 Be7 14. O-O-O
Qxf2 15. Rdf1 Qb6 16. Qh3 Nd8 17. Rf3 b4 18. axb4 Qxb4 19. Qh5+ Kd7 20. Rd1 Rb8
21. b3 Bg5+ 22. Kb2 a5 23. Ra1 Qc4 24. Ra4 Qc5 25. Rd3 Rb4 26. h4 Be7 27. Rxb4
Qxb4 28. Qg4 Bf6 29. Nd5 Qb7 30. Nxf6+ Kc6 31. Nh5 Rh7 32. Qf3 a4 33. Rc3+ Kd7
34. Nhg3 Qb4 35. Rc4 a3+ 36. Ka2 Qe1 37. Qc3 Qxc3 38. Rxc3 Rh8 39. Kxa3 Rf8 40.
Rf3 Rg8 41. c4 Nb7 42. Rf7+ Kc6 43. Re7 Nd8 44. b4 g5 45. b5+ Kc5 46. hxg5 Kxc4
47. b6 hxg5 48. b7 Nc6 49. Rc7 1-0

[Event "Aktiv-Alliancen 2000"]
[Site "Taastrup"]
[Date "2000.02.11"]
[Round "7"]
[White "Christoffersen, Eskild"]
[Black "Helleberg, Jorgen"]
[Result "1/2-1/2"]
[WhiteElo "1508"]
[BlackElo "1270"]
[PlyCount "70"]
[EventDate "2000.??.??"]


1. c4 c5 2. Nc3 g6 3. g3 Bg7 4. Bg2 Nc6 5. e3 e6 6. Nge2 Nge7 7. O-O O-O 8. d4
cxd4 9. exd4 d5 10. cxd5 exd5 11. Bg5 h6 12. Be3 Be6 13. Nf4 Qd7 14. Nxe6 fxe6
15. f4 Nf5 16. Bf2 Nfxd4 17. Qg4 Kh7 18. Nxd5 Nf5 19. Nc3 Rad8 20. Rad1 Qc8 21.
Rxd8 Rxd8 22. Rd1 Rxd1+ 23. Qxd1 a6 24. Be4 h5 25. a3 Qc7 26. Qd3 Nce7 27. Bf3
Kg8 28. Bd1 Kf7 29. Bb3 Qd6 30. Qe4 b5 31. h3 Bd4 32. g4 Bxf2+ 33. Kxf2 Qd2+
34. Qe2 Qd4+ 35. Ke1 Qg1+ 1/2-1/2